000 00511nam a2200193 a 4500
001 1777027203189
003 YourLibrary
005 20260424161207.0
008 260424s2005##################000#0#eng##
020 _a9781403967381
082 0 4 _a345.7302523DEL
100 1 _aDelamater, Jerome H.,
_eauthor.
245 1 0 _aRepresenting Sacco and Vanzetti :
260 _bPalgrave Macmillan,
_c2005.
300 _a192 pages
650 0 _aHistory.
942 _cENGLISH
040 _aYourLibrary
_beng
_cYourLibrary
999 _c619827
_d619827